000
00333nam a2200145Ia 4500
005
20251222143245.0
008
251222s9999||||xx |||||||||||||| ||spa||
020
_a
9789606632303
082
_a
450/A39
100
_a
Alessio, Lucia
245
0
_a
Invito a Teatro
250
_a
1ra.ed.
264
_b
Edizioni Edilingua
942
_c
LIB
999
_c
14740
_d
14740